| 000 | 01649agaaa2200325 4500 | ||
|---|---|---|---|
| 001 | 6155 | ||
| 003 | IT-RoPAU | ||
| 005 | 20220918181238.0 | ||
| 007 | d cvaizq | ||
| 008 | 50131s9999||||xx ||| | || ||und|| | ||
| 040 |
_aIT-RoPAU _cIT-RoPAU |
||
| 041 | _aITALIANO | ||
| 100 |
_aDe Sica Vittorio _gCodice regista SPICS: 7270 _944116 |
||
| 130 |
_aGIRASOLI (I) _944117 |
||
| 245 |
_aGIRASOLI (I) _cProdotto da: Ponti Carlo Cohn A. -- Sceneggiatura: Guerra Tonino Zavattini Cesare -- Diretto da: De Sica Vittorio _pGIRASOLI (I) (Rif. Codice opera principale : 26155) |
||
| 250 | _aEdizione Standard | ||
| 260 |
_aROMA - PARIGI (ITALIA) _bCHAMPION - LES FILMS CONCORDIA / Distribuzione: RAI _g"1970 (1° ed.: 1984 ; Ed. Lingua Orig.: 1970)" |
||
| 300 |
_aVHS _bsonoro, col. _c120 minuti |
||
| 508 | _a"Fotografia: Rotunno Giuseppe; Montaggio: Novelli Adriana; Musica: Mancini Henry; Sceneggiatura: Guerra Tonino Zavattini Cesare; Scenografia: Poletto Piero; Soggetto: Guerra Antonio -- Zavattini Cesare" | ||
| 511 | _a"Loren Sophia; Mastroianni Marcello; Saveljeva Ljudmila; Andreeva Alina; Carena Anna" | ||
| 520 | _aCOMMEDIA DRAMMATICA SOLDATO DISPERSO NAPOLI U.R.S.S. GUERRA | ||
| 538 | _aPAL, STEREO | ||
| 546 | _aITALIANO | ||
| 650 |
_aDRAMMATICO _eFILMS [VHS] _xCodice MATERIA SPICS: 9960 _934083 |
||
| 700 |
_aDe Sica Vittorio _e(regista) _gCodice regista SPICS: 7270 _944118 |
||
| 700 |
_aGuerra Antonio _e(soggetto) _gCodice Soggetto SPICS: 5722 _944119 |
||
| 700 |
_aMancini Henry _e(musica) _gCodice Musica SPICS: 11002 _944120 |
||
| 700 |
_aZavattini Cesare _e(soggetto) _gCodice Soggetto 2° SPICS: 3365 _944121 |
||
| 942 |
_cVH _2ddc |
||
| 999 |
_c105923 _d105923 |
||